01125nam a2200301Ia 4500001001200000003000800012006001900020007001500039008004100054020001800095020001500113040002100128035002100149050002400170082001600194100003200210245008600242260005800328300001600386533015200402650002900554650001900583650003000602655002900632710001700661856012600678999001900804ebr10194226CaPaEBRm u cr cn|||||||||030910s2004 enk s 000 0 eng d z9780199228072 z0199267537 aCaPaEBRcCaPaEBR a(OCoLC)24107069114aQA8.4b.C452 2004eb04a511.2012211 aChihara, Charles S.,d1932-12aA structural account of mathematicsh[electronic resource] /cCharles S. Chihara. aOxford ;aNew York :bOxford University Press,c2004. axiv, 380 p. aElectronic reproduction.bPalo Alto, Calif. :cebrary,d2009.nAvailable via World Wide Web.nAccess may be limited to ebrary affiliated libraries. 0aMathematicsxPhilosophy. 0aStructuralism. 0aConstructive mathematics. 7aElectronic books.2local2 aebrary, Inc.40uhttp://site.ebrary.com/lib/rucke/Doc?id=10194226zAn electronic book accessible through the World Wide Web; click to view c221413d221413